000
00332nam a22001577a 4500
003
SGT
020
_a
033398191-X
082
_a
330.0954,MAN
100
_a
MANKIW,G.N.
245
_a
MACRO ECONOMICS
250
_a
4TH
260
_a
MACHILLAN
_b
WORTH PUBLISHERS
_c
1999
300
_a
553
650
_a
ECONOMICS
942
_2
ddc
_c
BK
999
_c
11539
_d
11539